Sports Quiz

Random Sports or Golf Quiz

US Open Top Finishers Since 2000 Quiz Stats

 Plays Quiz Updated Jun 21, 2016

Challenge
Share
Tweet
Embed
Score 0/139 Timer 20:00
1 Play Today
Year Player % Correct
2010Tiger Woods
99.3%
2009Tiger Woods
99.3%
2008Tiger Woods
99.3%
2007Tiger Woods
99.3%
2005Tiger Woods
99.3%
2002Tiger Woods
99.3%
2000Tiger Woods
99.3%
2010Phil Mickelson
89.6%
2009Phil Mickelson
89.6%
2006Phil Mickelson
89.6%
2004Phil Mickelson
89.6%
2002Phil Mickelson
89.6%
2013Phil Mickelson
89%
2011Rory McIlroy
79.4%
2015Dustin Johnson
78%
2016Dustin Johnson
78%
2015Jordan Spieth
75.9%
2014Dustin Johnson
75.3%
2010Ernie Els
72.9%
2003Ernie Els
72.9%
2007Bubba Watson
72.7%
2013Ernie Els
71.4%
2000Ernie Els
71.4%
2006Vijay Singh
65.5%
2005Vijay Singh
65.5%
2005Sergio Garcia
64.2%
2002Sergio Garcia
64.2%
2014Martin Kaymer
63.5%
2016Sergio Garcia
62.3%
2013Justin Rose
62.3%
2003Justin Rose
61.5%
2014Rickie Fowler
59.5%
2007Jim Furyk
59.1%
2006Jim Furyk
59.1%
2003Jim Furyk
59.1%
2012Jim Furyk
57.4%
2007Angel Cabrera
55.6%
2014Jason Day
54.7%
2011Jason Day
53.5%
2013Jason Day
53.5%
2008Lee Westwood
53.4%
2010Graeme McDowell
52.6%
2016Jim Furyk
52.4%
2000Lee Westwood
51.7%
2011Lee Westwood
51.7%
2012Graeme McDowell
50.4%
2004Retief Goosen
50.2%
Year Player % Correct
2001Retief Goosen
50.2%
2015Adam Scott
48.3%
2009David Duval
45.3%
2006Padraig Harrington
44.8%
2003Padraig Harrington
44.8%
2010Davis Love III
43.9%
2005Davis Love III
43.9%
2000Padraig Harrington
43.4%
2012Padraig Harrington
43.4%
2012Webb Simpson
43.1%
2006Luke Donald
42.6%
2014Henrik Stenson
40.4%
2005Michael Campbell
40.3%
2006Colin Montgomerie
40.1%
2006Geoff Ogilvy
39.9%
2009Henrik Stenson
39.7%
2008Rocco Mediate
38.1%
2005Rocco Mediate
38.1%
2001Rocco Mediate
38.1%
2006Ian Poulter
37.5%
2009Lucas Glover
35.7%
2002Nick Faldo
35.5%
2006Mike Weir
35.2%
2004Mike Weir
35.2%
2003Mike Weir
35.2%
2001Stewart Cink
33.9%
2006Steve Stricker
33.2%
2015Louis Oosthuizen
33.1%
2010Matt Kuchar
33%
2005Tim Clark
32.8%
2012Jason Dufner
32.2%
2013Jason Dufner
32.2%
2008Miguel Angel Jimenez
31.9%
2000Miguel Angel Jimenez
31.9%
2014Keegan Bradley
30.9%
2015Cameron Smith
29.8%
2009Hunter Mahan
27.8%
2011Y.E. Yang
26.9%
2013Hunter Mahan
26.7%
2015Charl Schwartzel
26.5%
2007David Toms
25.5%
2003David Toms
25.5%
2003Kenny Perry
24%
2012David Toms
23.8%
2005Nick Price
23.3%
2003Nick Price
23.3%
2016Shane Lowry
22.4%
Year Player % Correct
2001Tom Kite
21.2%
2015Branden Grace
20.5%
2016Branden Grace
20.5%
2014Erik Compton
19.2%
2009Ricky Barnes
17.1%
2001Paul Azinger
17%
2001Mark Brooks
15.2%
2004Fred Funk
14.7%
2014Brooks Koepka
14.1%
2008Robert Karlsson
13.5%
2012Michael Thompson
13.3%
2016Kevin Na
11.6%
2010Gregory Havret
11.3%
2009Soren Hansen
11%
2004Jeff Maggert
9.9%
2002Jeff Maggert
9.9%
2009Ross Fisher
9.8%
2007Scott Verplank
9.7%
2003Scott Verplank
9.7%
2013Billy Horschel
9.4%
2016Scott Piercy
9.4%
2007Jerry Kelly
8.8%
2003Fredrik Jacobson
8.2%
2006Jeff Sluman
8%
2002Scott Hoch
7.9%
2003Stephen Leaney
6.6%
2012John Peterson
6.3%
2004Shigeki Maruyama
6%
2007Niclas Fasth
5.9%
2008Carl Pettersson
5.9%
2011Robert Garrigus
5.9%
2003Billy Mayfair
5.8%
2002Billy Mayfair
5.8%
2011Kevin Chappell
5.4%
2008D.J. Trahan
5.2%
2006Kenneth Ferrie
4.8%
2006Nick O'Hern
4.2%
2003Jonathan Kaye
4.1%
2008John Merrick
3.8%
2007Nick Dougherty
3.8%
2005Arron Oberholser
3.6%
2000John Huston
3.5%
2005Mark Hensby
3.1%
2003Cliff Kresge
3%
2006Ryuji Imada
3%

You're not logged in!

Compare scores with friends on all Sporcle quizzes.
OR
Log In

You Might Also Like...

Show Comments

Extras

Top Quizzes Today


Score Distribution

Your Account Isn't Verified!

In order to create a playlist on Sporcle, you need to verify the email address you used during registration. Go to your Sporcle Settings to finish the process.

Report this User

Report this user for behavior that violates our Community Guidelines.

Details: